| 000 | 02258cam a22004094i 4500 | ||
|---|---|---|---|
| 001 | UByD004380 | ||
| 003 | AR-LpoUNG | ||
| 005 | 20260401103815.0 | ||
| 006 | a||||gr|||| 001 0 | ||
| 007 | ta | ||
| 008 | 260401s2011 ag o gr 001 0 spa d | ||
| 015 | _aAR-2011 | ||
| 020 | _a9789871172771 | ||
| 040 |
_aAR-BaBN _bspa _cAR-BaBN _erda _dAR-LpoUNG |
||
| 043 | _as-ag--- | ||
| 044 |
_aag _car-b |
||
| 080 | 0 |
_a323.26(82) _22004 |
|
| 082 | 0 | _a982.063 159mon | |
| 100 | 1 |
_aSalcedo, Javier _eautor |
|
| 245 | 1 | 4 | _aLos montoneros del barrio |
| 250 | _a1a ed. | ||
| 260 |
_aCaseros : _bEduntref, _c2011. |
||
| 300 |
_a327 páginas ; _cláminas blanco y negro |
||
| 500 | _aLa obra es la versión completa de tesis de maestría y doctorado defendidas en la Universidad Nacional de Tres de Febrero, 2010. | ||
| 500 | _aÍndice de nombres: p. 323-327. | ||
| 504 | _aBibliografía: p. 319-321. | ||
| 520 | 3 |
_aLos montoneros del barrio refleja las formas de inserción de masas de la organización Montoneros en el conurbano bonaerense. A partir de un estudio de caso, el del distrito de Moreno, se observan los mecanismos utilizados por los jóvenes revolucionarios de los años setenta para acercarse a sectores sociales y políticos que se identificaban con el peronismo. No fueron solamente los jóvenes estudiantes o profesionales radicalizados quienes adoptaron las prácticas violentas en un país con amplios sectores dirigentes que valoraban muy poco las prácticas democráticas. Los montoneros del barrio revela que no es posible estudiar a Montoneros como un todo, sin diferenciar las experiencias por zonas, por las diferentes organizaciones que la conformaron y por la posición del militante en la organización. Este libro refleja esas experiencias contrapuestas, a las que une la figura de Perón, como líder de un proyecto incompleto para unos o como objetivo de lucha y símbolo identitario para otros. _c(Descripción del editor). |
|
| 650 | 4 | _aPeronismo | |
| 650 | 4 | _aMontoneros | |
| 650 | 4 | _aHistoria argentina | |
| 650 | 4 | _aHistoria política | |
| 651 | 4 | _aArgentina | |
| 653 | 0 | _aConurbano bonaerense | |
| 941 | _aLI2014 | ||
| 942 |
_2ddc _cLIB |
||
| 999 |
_c67554 _d67554 |
||